Catálogo
 En Linea

Cuando sea grande, quiero ser ... bióloga marina / (Registro nro. 58569)

Detalles MARC
000 -CABECERA
campo de control de longitud fija 01758nam a2200397 i 4500
003 - IDENTIFICADOR DEL NÚMERO DE CONTROL
campo de control DO-SdBNP
005 - FECHA Y HORA DE LA ÚLTIMA TRANSACCIÓN
campo de control 20250616143317.0
007 - CAMPO FIJO DE DESCRIPCIÓN FÍSICA--INFORMACIÓN GENERAL
campo de control de longitud fija ta
008 - DATOS DE LONGITUD FIJA--INFORMACIÓN GENERAL
campo de control de longitud fija 250402b2024 dr a b 000 0 spa d
020 ## - NÚMERO INTERNACIONAL ESTÁNDAR DEL LIBRO
Número Internacional Estándar del Libro 9789945245462
040 ## - FUENTE DE LA CATALOGACIÓN
Centro catalogador/agencia de origen DO-SdBNP
Lengua de catalogación spa
Centro/agencia transcriptor BNPHU
Normas de descripción rda
041 ## - CÓDIGO DE LENGUA
Código de lengua del texto/banda sonora o título independiente spa
082 #4 - NÚMERO DE LA CLASIFICACIÓN DECIMAL DEWEY
Número de clasificación RD863.44
Número de documento/Ítem B257cu
Número de edición 22
100 1# - ENTRADA PRINCIPAL--NOMBRE DE PERSONA
Nombre de persona Barletta, Nelia
9 (RLIN) 35986
Término indicativo de función/relación autor
Código de función/relación aut.
245 10 - MENCIÓN DE TÍTULO
Título Cuando sea grande, quiero ser ... bióloga marina /
Mención de responsabilidad, etc. Nelia Barletta ; ilustraciones, Guillermo Pérez ; editor, Jorge Luis Zamora ; corrección de estilo, Gisela Vargas.
250 ## - MENCIÓN DE EDICIÓN
Mención de edición Primera edición
264 #4 - PRODUCCIÓN, PUBLICACIÓN, DISTRIBUCIÓN, FABRICACIÓN Y COPYRIGHT
Producción, publicación, distribución, fabricación y copyright Santo Domingo :
Nombre del de productor, editor, distribuidor, fabricante Santillana Infantil y Juvenil,
Fecha de producción, publicación, distribución, fabricación o copyright ©2024.
300 ## - DESCRIPCIÓN FÍSICA
Extensión 37 páginas :
Otras características físicas ilustraciones ;
Dimensiones 21 cm.
336 ## - TIPO DE CONTENIDO
Término de tipo de contenido texto
Código de tipo de contenido txt
Fuente rdacontent
337 ## - TIPO DE MEDIO
Nombre/término del tipo de medio sin mediación
Código del tipo de medio n
Fuente rdamedia
338 ## - TIPO DE SOPORTE
Nombre/término del tipo de soporte volumen
Código del tipo de soporte nc
Fuente rdacarrier
490 0# - MENCIÓN DE SERIE
Mención de serie Loqueleo
490 0# - MENCIÓN DE SERIE
Mención de serie Verde
-- Cuento
Designación de volumen o secuencia 4
490 0# - MENCIÓN DE SERIE
Mención de serie Cuando sea grande, quiero ser...
500 ## - NOTA GENERAL
Nota general Incluye datos biográficos de la autora en la página 37.
520 ## - SUMARIO, ETC.
Sumario, etc. A través de las acciones de Lucía, la autora transmite un mensaje poderoso sobre la necesidad de proteger nuestro entorno natural. Esta bella historia nos invita a reflexionar sobre el impacto de nuestras acciones en el medioambiente, y nos inspira a tomar medidas para protegerlo
521 ## - NOTA DE PÚBLICO DESTINATARIO
Nota de público destinatario A partir de 4 años.
590 ## - NOTA LOCAL (RLIN)
Nota local Inventariado 2025/ YL
650 #4 - PUNTO DE ACCESO ADICIONAL DE MATERIA--TÉRMINO DE MATERIA
Término de materia o nombre geográfico como elemento de entrada Literatura infantil dominicana
9 (RLIN) 73308
650 #4 - PUNTO DE ACCESO ADICIONAL DE MATERIA--TÉRMINO DE MATERIA
Término de materia o nombre geográfico como elemento de entrada Cuentos infantiles dominicanos
9 (RLIN) 77603
700 1# - PUNTO DE ACCESO ADICIONAL--NOMBRE DE PERSONA
Nombre de persona Pérez, Guillermo,
Término indicativo de función/relación ilustrador
9 (RLIN) 23172
Código de función/relación il.
700 1# - PUNTO DE ACCESO ADICIONAL--NOMBRE DE PERSONA
Nombre de persona Zamora, Jorge Luis,
Término indicativo de función/relación editor
9 (RLIN) 35021
Código de función/relación ed.
700 1# - PUNTO DE ACCESO ADICIONAL--NOMBRE DE PERSONA
Nombre de persona Guerra, Juan Luis
Fechas asociadas al nombre 1957-
Término indicativo de función/relación corrección
9 (RLIN) 83789
Código de función/relación corr.
910 ## - DATOS DE OPCIÓN DEL USUARIO (OCLC)
Datos de opción del usuario YLockward. Validado. Control de calidad MFF
942 ## - ELEMENTOS DE PUNTO DE ACCESO ADICIONAL (KOHA)
Fuente del sistema de clasificación o colocación Dewey Decimal Classification
Tipo de ítem Koha Folleto
Existencias
Estado de retiro Estado de pérdida Fuente del sistema de clasificación o colocación Restricciones de uso No para préstamo Código de colección Localización permanente Ubicación/localización actual Ubicación en estantería Fecha de adquisición Fuente de adquisición Total de préstamos Signatura topográfica completa Código de barras Fecha visto por última vez Precio válido a partir de Tipo de ítem Koha Número de copia
    Dewey Decimal Classification Excluido de préstamo   Infantojuvenil Patrimonio Dominicano Biblioteca Nacional Pedro Henríquez Ureña Biblioteca Nacional Pedro Henríquez Ureña Depósito 15.10.2024 Deposito Legal   BNPHU F-CIJ-PD RD863.44 B257cu 2025-2397 02.04.2025 02.04.2025 Folleto  
    Dewey Decimal Classification Excluido de préstamo   Infantojuvenil Patrimonio Dominicano Biblioteca Nacional Pedro Henríquez Ureña Biblioteca Nacional Pedro Henríquez Ureña Depósito 15.10.2024 Deposito Legal   BNPHU F-CIJ-PD RD863.44 B257cu 2025-2398 02.04.2025 02.04.2025 Folleto e.2
    Dewey Decimal Classification Préstamo en sala   Dominicana de Servicio Biblioteca Nacional Pedro Henríquez Ureña Biblioteca Nacional Pedro Henríquez Ureña Depósito 15.10.2024 Deposito Legal   BNPHU F-CIJ-DS RD863.44 B257cu 2025-2399 02.04.2025 02.04.2025 Folleto e.3

Con tecnología Koha